• 首页
  • 本馆介绍
  • 公告通知
  • 最新文献
  • 馆藏检索
  • 电子资源
  • 读者导购
  • 参考咨询
  • 我的图书馆
  • 登录
  • 详细信息显示
  • 放入我的书架
  • 预约/预借图书
  • 作者相关作品
  • 分类相关作品
  • 丛书相关作品
  • 出版社相关作品

书目信息

  • 表格格式
  • 工作单格式
  • 卡片格式
题名:
对症刮痧妙治百病
    
 
作者: 满江 , 易磊 主编
分册:  
出版信息: 青岛   青岛出版社  2014
页数: 274页
开本: 24cm
丛书名: 国医养生经典
单 册:
中图分类: R244.4
科图分类:
主题词: 刮搓疗法
电子资源:
ISBN: 978-7-5552-0801-3
000 01301oam2 2200277 450
001 012015000170
005 20151130093245.15
010    @a978-7-5552-0801-3@dCNY29.80
100    @a20141109d2014 em y0chiy0110 ea
101 0  @achi
102    @aCN@b370000
105    @aa z 000yy
106    @ar
200 1  @a对症刮痧妙治百病@Adui zheng gua sha miao zhi bai bing@f满江, 易磊主编
210    @a青岛@c青岛出版社@d2014
215    @a274页@c图@d24cm
225 2  @a国医养生经典
314    @a满江,主任医师,1936年生,原名土荣华,字丕玉,号一康,中国名医研究所特约研究员,中华医学会会员,中国抗衰老科学学会山西分会常务理事,中国中西医结合学会沂州分会副理事长,北京市土荣华中医药研究所所长;易磊,男,图书策划人、资深编辑,毕业于四川师范大学中文系,长期致力于健康类图书的创作,对传统中医有独到的认识。
330    @a皮肤与经络、五脏、六腑、九窍等有密切关系,找准经络穴位,对症刮痧,就能通经脉、畅气血、调脏腑,排除痧气病邪,是老百姓喜爱的健康疗法。本书按头颈疾病、胸部疾病、腰腹疾病、生殖疾病、皮肤疾病、小儿疾病和全身疾病等分类,可谓简单实用,清晰明了,一个刮痧板,一瓶刮痧精油,就能刮除疾邪,换取大健康。
410  0 @12001 @a国医养生经典
606 0  @a刮搓疗法
690    @aR244.4@v5
701  0 @a满江@Aman jiang@4主编
701  0 @a易磊@Ayi lei@4主编
801  0 @aCN@b碧洲教育@c20151127
905    @a10447@f4@dR244.4@e348
    
    对症刮痧妙治百病/满江, 易磊主编.-青岛:青岛出版社,2014
    274页:图;24cm.-(国医养生经典)
    
    
    ISBN 978-7-5552-0801-3:CNY29.80
    皮肤与经络、五脏、六腑、九窍等有密切关系,找准经络穴位,对症刮痧,就能通经脉、畅气血、调脏腑,排除痧气病邪,是老百姓喜爱的健康疗法。本书按头颈疾病、胸部疾病、腰腹疾病、生殖疾病、皮肤疾病、小儿疾病和全身疾病等分类,可谓简单实用,清晰明了,一个刮痧板,一瓶刮痧精油,就能刮除疾邪,换取大健康。
●
相关链接 在E读中查询图书 在五车中查询图书 在当当中查询图书 在豆瓣中查询图书


正题名:对症刮痧妙治百病     索取号:R244.4/348         预约/预借

序号 登录号 条形码 馆藏地/架位号 状态 备注
1 0871509   208715096   第二样本阅览室/ [索取号:R244.4/348] 在馆    
2 0871510   208715103   密集书库-生命科学系/ [索取号:R244.4/348] 在馆    
3 0871511   208715112   第三借阅区/ [索取号:R244.4/348] 在馆    
4 0871512   208715121   第三借阅区/ [索取号:R244.4/348] 在馆    
唐山师范学院图书馆 欢迎您!
大连网信软件有限公司© 版权所有